| 000 | 00627nam a2200205 i 4500 | ||
|---|---|---|---|
| 001 | 124149 | ||
| 003 | ES-MaACL | ||
| 005 | 20230906192332.0 | ||
| 007 | t| | ||
| 008 | 070214s1953 sp f |||| | spa d | ||
| 100 | 1 |
_aRamos, Fernando. _995256 |
|
| 245 | 1 | 0 |
_aDivisión Azul / _cpor Fernando Ramos. |
| 260 |
_aMadrid : _bPublicaciones Españolas, _c1953. |
||
| 300 |
_a29 p., [4] p. de lám. ; _c24 cm. |
||
| 490 | 1 |
_aTemas españoles ; _v25 |
|
| 650 | 0 | 4 |
_aGuerra mundial, 1939-1945- _xParticipación española. _913251 |
| 830 | 0 |
_aTemas españoles ; _v25 _9178712 |
|
| 852 |
_aES-MaACL _j1984-F-28 |
||
| 999 |
_c124149 _d124149 |
||